00633nam a2200181Ia 4500952014300000999001700143003000400160005001700164008004100181020001800222040000900240082001800249100004200267245004700309260004400356300000900400942004200409 00102ddc40708POLITICAL SCIENCEaMESbMEScPOLd2019-02-20g155.00l0o320.01 BAN/Kp32319r2019-02-20 00:00:00w2019-02-20yBKzGL10R1 c21210d21210OSt20200605114750.0190216s9999||||xx |||||||||||||| ||und|| a9788175363861 coclc a320.01bBAN/K aBhandyopadhyaya, Naayan Chandra92520 0aKautilya /cNaayan Chandra Bhandyopadhyaya bLow Price Publications,a Delhi:c2005. a318p cBK2ddch320.01iBAN/Kk320.01mBAN/K